MARC details
| 000 -LEADER |
| fixed length control field |
00786cam a22002777a 4500 |
| 001 - CONTROL NUMBER |
| control field |
001227 |
| 003 - CONTROL NUMBER IDENTIFIER |
| control field |
armpunfd |
| 005 - DATE AND TIME OF LATEST TRANSACTION |
| control field |
20140612090634.0 |
| 008 - FIXED-LENGTH DATA ELEMENTS--GENERAL INFORMATION |
| fixed length control field |
030314e0####xx#a##########000#0#und#d |
| 040 ## - CATALOGING SOURCE |
| Original cataloging agency |
armpunfd |
| Transcribing agency |
armpunfd |
| 080 ## - UNIVERSAL DECIMAL CLASSIFICATION NUMBER |
| Universal Decimal Classification number |
321.02 B 473 |
| 100 10 - MAIN ENTRY--PERSONAL NAME |
| Personal name |
Bidart Campos, German J. |
| 245 10 - TITLE STATEMENT |
| Title |
Lecciones elementales de politica |
| 260 ## - PUBLICATION, DISTRIBUTION, ETC. (IMPRINT) |
| Place of publication, distribution, etc |
Uenos Aires : Ediar |
| Name of publisher, distributor, etc |
1987. 5º Ed. Isbn : 950-574-044-1. |
| 650 #7 - SUBJECT ADDED ENTRY--TOPICAL TERM |
| Topical term or geographic name as entry element |
Derecho Politico |
| Source of heading or term |
LEMB |
| 650 #7 - SUBJECT ADDED ENTRY--TOPICAL TERM |
| Topical term or geographic name as entry element |
Descentralizacion |
| Source of heading or term |
LEMB |
| 650 #7 - SUBJECT ADDED ENTRY--TOPICAL TERM |
| Topical term or geographic name as entry element |
Estado |
| Source of heading or term |
LEMB |
| 650 #7 - SUBJECT ADDED ENTRY--TOPICAL TERM |
| Topical term or geographic name as entry element |
Etica |
| Source of heading or term |
LEMB |
| 650 #7 - SUBJECT ADDED ENTRY--TOPICAL TERM |
| Topical term or geographic name as entry element |
Federalismo |
| Source of heading or term |
LEMB |
| 650 #7 - SUBJECT ADDED ENTRY--TOPICAL TERM |
| Topical term or geographic name as entry element |
Partidos Politicos |
| Source of heading or term |
LEMB |
| 650 #7 - SUBJECT ADDED ENTRY--TOPICAL TERM |
| Topical term or geographic name as entry element |
Soberania |
| Source of heading or term |
LEMB |
| 650 #7 - SUBJECT ADDED ENTRY--TOPICAL TERM |
| Topical term or geographic name as entry element |
Sociedad |
| Source of heading or term |
LEMB |
| 650 #7 - SUBJECT ADDED ENTRY--TOPICAL TERM |
| Topical term or geographic name as entry element |
Sufragio |
| Source of heading or term |
LEMB |
| 942 ## - ADDED ENTRY ELEMENTS (KOHA) |
| Koha item type |
LIBRO |
| Source of classification or shelving scheme |
|
| 945 ## - LOCAL PROCESSING INFORMATION (OCLC) |
| a |
Catalis |
| d |
2010-08-19 |